| 000 | 00560 a2200205 4500 | ||
|---|---|---|---|
| 005 | 20250515131027.0 | ||
| 008 | 250515b |||||||| |||| 00| 0 eng d | ||
| 020 |
_a9788197252044 _cRs. 495.00 |
||
| 040 | _aMAIN | ||
| 082 |
_a615.7922 _bC392T |
||
| 100 | _aChatterjee, T K | ||
| 245 | _aTherapeutic effects of antimicrobials: A ready reckoner | ||
| 260 |
_bPharmaMed Press _c2024 _aHyderabad |
||
| 300 | _axx, 370 | ||
| 650 | _aPharmacy | ||
| 650 | _aPharmaceutical Science | ||
| 650 | _aAntimicrobials | ||
| 700 | _4Chatterjee, Saikat | ||
| 942 | _cBK | ||
| 999 |
_c360901 _d360901 |
||